000 00354pab a2200133 454500
008 180718b xxu||||| |||| 00| 0 eng d
100 _aPrabhu Pradip
245 _aWorking with tribals
362 _a(412), Dec 93, p.29-33
650 _a Voluntary Organisations -- India
650 _aSocial Service Agencies -- India
773 _aSeminar
909 _a25581
999 _c25581
_d25581